| 000 | 00880nam0a22002651 4500 | ||
|---|---|---|---|
| 001 | rc\3509224 | ||
| 005 | 20130115142426.5 | ||
| 021 |
_aRU _b73-84584 |
||
| 021 |
_aRU _bРг15254-73 |
||
| 035 | _a(NLR Aleph) 007617168 | ||
| 090 |
_a5880472 _c5880472 |
||
| 100 | _a20130115d1973 |||y0rusy50 ca | ||
| 101 | 0 | _arus | |
| 102 | _aRU | ||
| 105 | _aa z ||||| | ||
| 200 | 1 |
_aГосударственный и общественно-политический строй Великобритании _e(Учеб. пособие) _fВоен. ин-т иностр. яз. |
|
| 210 |
_aМосква _cБ. и. _d1973 |
||
| 215 |
_a62 с., 1 л. табл. _d21 |
||
| 320 | _aБиблиогр.: с. 61 | ||
| 700 | 1 |
_aБолдырев _bП. С. _gПавел Семенович |
|
| 801 | 0 |
_aRU _bNLR _gpsbo |
|
| 801 | 1 |
_aRU _bELAR _2rusmarc |
|
| 852 |
_aNLR _j73-4/32646 |
||
| 942 | _cBOOK | ||
| 980 | _aNB | ||